| 000 | 00817nam a22001937a 4500 | ||
|---|---|---|---|
| 005 | 20120426112742.0 | ||
| 020 |
_c100.00 _a |
||
| 035 | _aA-960747 | ||
| 037 |
_b _adpl |
||
| 082 | _a372.8 | ||
| 100 |
_aस्टोलबर्ग _945766 |
||
| 245 | 1 |
_aमकान और वस्त्र / _cस्टोलबर्ग |
|
| 260 |
_aदिल्ली _bजनवाणी प्रकाशन _c1999 |
||
| 270 |
_a _b _e _k |
||
| 300 |
_a103पृ. _c22सेमी (सजिल्द) |
||
| 490 |
_aसामान्य विज्ञान-शिक्षण _945767 |
||
| 942 |
_adpl _cHN _k _2ddc _h372.8 _mस्टोलब |
||
| 999 |
_c65654 _d65654 |
||